| 000 | 00419nam a2200169Ia 4500 | ||
|---|---|---|---|
| 008 | 221030s9999 xx 000 0 und d | ||
| 020 | _a8131704813 | ||
| 041 | _aEnglish | ||
| 100 | _aR. T. Morrison | ||
| 245 | 0 |
_aOrganic Chemistry _cby R. T. Morrison, R. N. Boyd |
|
| 250 | _a7th | ||
| 260 |
_bPearson Education _aNew Delhi _c2014 |
||
| 300 | _a1472 | ||
| 650 | _aChemistry | ||
| 700 | _aR. N. Boyd | ||
| 942 | _cBK | ||
| 999 |
_c17305 _d17305 |
||